The new topical textbook : (Record no. 8796)
[ view plain ]
| 000 -LEADER | |
|---|---|
| fixed length control field | 00618nam a22001937a 4500 |
| 003 - CONTROL NUMBER IDENTIFIER | |
| control field | GBCCL |
| 005 - DATE AND TIME OF LATEST TRANSACTION | |
| control field | 20241126110658.0 |
| 008 - FIXED-LENGTH DATA ELEMENTS--GENERAL INFORMATION | |
| fixed length control field | 211025b ||||| |||| 00| 0 eng d |
| 040 ## - CATALOGING SOURCE | |
| Transcribing agency | GBC |
| 082 ## - DEWEY DECIMAL CLASSIFICATION NUMBER | |
| Classification number | 220.3 |
| Item number | TOR |
| 100 ## - MAIN ENTRY--PERSONAL NAME | |
| Personal name | Torrey, R A |
| 9 (RLIN) | 9481 |
| 245 ## - TITLE STATEMENT | |
| Title | The new topical textbook : |
| Remainder of title | 20,000 topics and subtopics; 30,000 Bible references; aids to Christian living. / |
| Statement of responsibility, etc. | introduction by R.A. Torrey. |
| 250 ## - EDITION STATEMENT | |
| Edition statement | "Special edition." |
| 260 ## - PUBLICATION, DISTRIBUTION, ETC. | |
| Place of publication, distribution, etc. | Minneapolis : |
| Name of publisher, distributor, etc. | World Wide Publications, |
| Date of publication, distribution, etc. | [1965?] |
| 300 ## - PHYSICAL DESCRIPTION | |
| Extent | 318 p. ; |
| Dimensions | 20 cm. |
| 650 ## - SUBJECT ADDED ENTRY--TOPICAL TERM | |
| Topical term or geographic name entry element | Bible |
| Form subdivision | Indexes. |
| 9 (RLIN) | 15464 |
| 650 ## - SUBJECT ADDED ENTRY--TOPICAL TERM | |
| Topical term or geographic name entry element | Bible. |
| 9 (RLIN) | 5 |
| 942 ## - ADDED ENTRY ELEMENTS (KOHA) | |
| Source of classification or shelving scheme | Dewey Decimal Classification |
| Koha item type | Books |
| Withdrawn status | Lost status | Source of classification or shelving scheme | Damaged status | Not for loan | Home library | Current Library | Shelving location | Date acquired | Total checkouts | Full call number | Barcode | Date last seen | Copy number | Price effective from | Koha item type |
|---|---|---|---|---|---|---|---|---|---|---|---|---|---|---|---|
| Dewey Decimal Classification | GRACE BIBLE COLLEGE | GRACE BIBLE COLLEGE | Biblical Studies | 2021-10-25 | 220.3 TOR | 004679 | 2025-05-01 | c.1 | 2021-10-25 | Books |